000 00368nam a2200145Ia 4500
008 240624s9999 xx 000 0 und d
041 _aeng
082 _a658.5 MIL
100 _aMILTENBURG JOHN
245 _aMANUFACTURING STRATEGY HOW TO FORMULATE
250 _a(2nd ed.)
260 _c2005
_aNew York
_bProductivity Press
300 _a448 : p.
365 _cBPS
_b30
999 _c14370
_d14370